000 01606nam a22002897a 4500
003 PE SENCICO BE
005 20251020182709.0
008 241212b |||||||| |||| 00| 0 eng d
020 _a978-84-368-2986-0
040 _aPE SENCICO BE
_cPE SENCICO BE
041 _aspa
082 _a658.404
_bB23
100 1 _92755
_aBarceló, Miquel
_eautor
245 1 _aGestión de proyectos complejos :
_buna guía para la innovación y el emprendimiento /
_cMiquel Barceló, Sergi Guillot
250 _a[1a ed.]
260 _aMadrid :
_bPirámide ;
_c2013
300 _a215 p. :
_bdiagrs. ;
_c23 cm.
504 _aBibliografía: p. 213-215
505 0 _aLa GPC: diez factores básicos: Factor 1. Modelo -- Factor 2. Objetivos -- Factor 3. Innovación -- Factor 4. Instrumentos -- Factor 5. Entorno -- Factor 6. Equipo humano -- Factor 7. Alianzas -- Factor 8. Tiempo -- Factor 9. Marketing y comunicación -- Factor 10. Gestión de crisis -- Un ejemplo de GPC: El proyecto 22@Barcelona
520 3 _aEsta obra aporta soluciones y consejos a los problemas actuales del management introduciendo elementos propios de la gestión de proyectos complejos. Los autores a partir de su experiencia práctica en la gestión y de las reflexiones aportadas por distintos expertos durante los últimos años, proponen un nuevo enfoque de la gestión empresarial basado en la gestión de proyectos complejos.
650 1 0 _914
_aEvaluación de proyectos
650 2 0 _92756
_aTrabajo en equipo
650 2 0 _92757
_aEmprendimiento
700 1 _92758
_aGuillot, Sergi
_eautor
910 _bhfp
_chfp
942 _2ddc
_cLIB
999 _c5024
_d5024